Pirates don't wear pink sunglasses / (Record no. 34354)
[ view plain ]
| 000 -LEADER | |
|---|---|
| fixed length control field | 01690cam a22004335a 4500 |
| 001 - CONTROL NUMBER | |
| control field | 16904935 |
| 003 - CONTROL NUMBER IDENTIFIER | |
| control field | OSt |
| 005 - DATE AND TIME OF LATEST TRANSACTION | |
| control field | 20140310184433.0 |
| 008 - FIXED-LENGTH DATA ELEMENTS--GENERAL INFORMATION | |
| fixed length control field | 110805s1994 nyua j 000 1 eng d |
| 010 ## - LIBRARY OF CONGRESS CONTROL NUMBER | |
| LC control number | 2011290722 |
| 020 ## - INTERNATIONAL STANDARD BOOK NUMBER | |
| International Standard Book Number | 0590472984 (pbk.) |
| 020 ## - INTERNATIONAL STANDARD BOOK NUMBER | |
| International Standard Book Number | 9780590472982 (pbk.) |
| 035 ## - SYSTEM CONTROL NUMBER | |
| System control number | (OCoLC)ocm30385701 |
| 040 ## - CATALOGING SOURCE | |
| Original cataloging agency | OCO |
| Transcribing agency | OCO |
| Modifying agency | SLC |
| -- | OCL |
| -- | MUS |
| -- | OCLCQ |
| -- | BAKER |
| -- | XY4 |
| -- | BTCTA |
| -- | KZV |
| -- | DLC |
| 042 ## - AUTHENTICATION CODE | |
| Authentication code | lccopycat |
| 050 00 - LIBRARY OF CONGRESS CALL NUMBER | |
| Classification number | PZ 7 |
| Item number | .D121 1994 |
| 100 1# - MAIN ENTRY--PERSONAL NAME | |
| Personal name | Dadey, Debbie. |
| 9 (RLIN) | 4137 |
| 245 10 - TITLE STATEMENT | |
| Title | Pirates don't wear pink sunglasses / |
| Statement of responsibility, etc | by Debbie Dadey and Marcia Thornton Jones ; illustrated by John Steven Gurney. |
| 260 ## - PUBLICATION, DISTRIBUTION, ETC. (IMPRINT) | |
| Place of publication, distribution, etc | New York : |
| Name of publisher, distributor, etc | Scholastic, |
| Date of publication, distribution, etc | 1994. |
| 300 ## - PHYSICAL DESCRIPTION | |
| Extent | 78 p. : |
| Other physical details | ill. ; |
| Dimensions | 20 cm. |
| 490 1# - SERIES STATEMENT | |
| Series statement | Little apple |
| 500 ## - GENERAL NOTE | |
| General note | "A Little Apple paperback." |
| 520 ## - SUMMARY, ETC. | |
| Summary, etc | Suspense, humor, and the appealing Bailey School kids make this an irresistible early chapter book. At Camp Lone Wolf, the Bailey kids suspect that the camp director is a werewolf. What's more, the newest member of the camp staff, Captain Teach, thinks he's a pirate. Line drawings. |
| 521 ## - TARGET AUDIENCE NOTE | |
| Target audience note | |
| 526 ## - STUDY PROGRAM INFORMATION NOTE | |
| Reading level | 640 |
| 541 ## - IMMEDIATE SOURCE OF ACQUISITION NOTE | |
| -- | 1 |
| 650 #0 - SUBJECT ADDED ENTRY--TOPICAL TERM | |
| Topical term or geographic name as entry element | Bailey School kids (Fictitious characters) |
| Form subdivision | Juvenile fiction. |
| 9 (RLIN) | 27078 |
| 650 #0 - SUBJECT ADDED ENTRY--TOPICAL TERM | |
| Topical term or geographic name as entry element | Pirates |
| Form subdivision | Juvenile fiction. |
| 9 (RLIN) | 27079 |
| 650 #1 - SUBJECT ADDED ENTRY--TOPICAL TERM | |
| Topical term or geographic name as entry element | Humorous stories. |
| 9 (RLIN) | 3831 |
| 700 1# - ADDED ENTRY--PERSONAL NAME | |
| Personal name | Jones, Marcia Thornton. |
| 9 (RLIN) | 4140 |
| 700 1# - ADDED ENTRY--PERSONAL NAME | |
| Personal name | Gurney, John, |
| Relator term | ill. |
| 9 (RLIN) | 27080 |
| 710 2# - ADDED ENTRY--CORPORATE NAME | |
| Corporate name or jurisdiction name as entry element | Copyright Paperback Collection (Library of Congress) |
| Institution to which field applies | DLC |
| 9 (RLIN) | 705 |
| 830 #0 - SERIES ADDED ENTRY--UNIFORM TITLE | |
| Uniform title | Little apple. |
| 9 (RLIN) | 4142 |
| 906 ## - LOCAL DATA ELEMENT F, LDF (RLIN) | |
| a | 0 |
| b | ibc |
| c | copycat |
| d | 2 |
| e | ncip |
| f | 20 |
| g | y-genrareb |
| 942 ## - ADDED ENTRY ELEMENTS (KOHA) | |
| Source of classification or shelving scheme | Library of Congress Classification |
| Koha item type | |
| Withdrawn status | Lost status | Source of classification or shelving scheme | Damaged status | Home library | Current library | Shelving location | Date acquired | Total Checkouts | Full call number | Barcode | Date last seen | Copy number | Price effective from | Koha item type |
|---|---|---|---|---|---|---|---|---|---|---|---|---|---|---|
| Library of Congress Classification | Luxembourg Library | Luxembourg Library | Scholastic Reading Center Section | 10/09/2013 | PZ 7 .D121Pi 2007 | LEX1832 | 04/18/2017 | 1 | 10/09/2013 | Books | ||||
| Library of Congress Classification | Luxembourg Library | Luxembourg Library | Scholastic Reading Center Section | 10/09/2013 | PZ 7 .D121Pi 2007 | LEX1919 | 04/18/2017 | 2 | 10/09/2013 | Books |